[Event "Prva liga CS"]
[Site "www.sah-srbija.com"]
[Date "2013.09.16"]
[Round "?"]
[White "Markovic Zoran S"]
[Black "Atalik Suat"]
[Result "0-1"]
[WhiteElo "2363"]
[BlackElo "2566"]
[PlyCount "126"]
[EventDate "2013.??.??"]

1. e4 e5 2. Nf3 Nc6 3. Bb5 a6 4. Bxc6 dxc6 5. O-O f6 6. d4 Bg4 7. dxe5 Qxd1 8.
Rxd1 fxe5 9. Rd3 Bd6 10. Nbd2 b5 11. b3 Nf6 12. Bb2 Nd7 13. h3 Bh5 14. Nh4
O-O-O 15. Ndf3 Rhf8 16. Re1 Nc5 17. Rde3 Rde8 18. Nf5 Bxf3 19. Rxf3 g6 20. Nh4
Rf4 21. Rxf4 exf4 22. e5 Be7 23. Nf3 Ne6 24. Rd1 c5 25. Kf1 Kb7 26. Ke2 Kc6 27.
c4 Rb8 28. Bc3 b4 29. Bb2 a5 30. Kd3 Rd8+ 31. Kc2 Rf8 32. Kd3 g5 33. Ke2 a4 34.
Kd3 axb3 35. axb3 h5 36. Ra1 g4 37. hxg4 hxg4 38. Ne1 Rh8 39. Ke4 Rf8 40. Ra6+
Kd7 41. Kd3 Bh4 42. Ke2 Ke7 43. Ra1 Rd8 44. Nd3 f3+ 45. gxf3 gxf3+ 46. Ke3 Bg5+
47. Ke4 Bd2 48. Ne1 Bxe1 49. Rxe1 Rd2 50. Bc1 Rxf2 51. Rh1 Re2+ 52. Kxf3 Rxe5
53. Rh7+ Kd8 54. Be3 Nd4+ 55. Kf4 Re6 56. Rh5 Nxb3 57. Bxc5 Nxc5 58. Rxc5 b3
59. Rh5 b2 60. Rh1 Rb6 61. Rb1 Kd7 62. Ke4 Kc6 63. Kd4 Rb3 0-1

[Event "Prva liga CS"]
[Site "www.sah-srbija.com"]
[Date "2013.09.16"]
[Round "?"]
[White "Milenkovic Mladen"]
[Black "Marinkovic Ivan"]
[Result "1/2-1/2"]
[WhiteElo "2381"]
[BlackElo "2448"]
[PlyCount "28"]
[EventDate "2013.??.??"]

1. c4 c5 2. Nc3 b6 3. Nf3 Nf6 4. g3 Bb7 5. Bg2 g6 6. O-O Bg7 7. Re1 O-O 8. b3
d5 9. cxd5 Nxd5 10. Bb2 Nc6 11. Qc1 Nxc3 12. Bxc3 Qd6 13. Bxg7 Kxg7 14. Qb2+
Qf6 1/2-1/2

[Event "Prva liga CS"]
[Site "www.sah-srbija.com"]
[Date "2013.09.16"]
[Round "?"]
[White "Organdziev Oliver"]
[Black "Nestorovic Lazar"]
[Result "1/2-1/2"]
[WhiteElo "2308"]
[BlackElo "2391"]
[PlyCount "61"]
[EventDate "2013.??.??"]

1. e4 Nf6 2. e5 Nd5 3. c4 Nb6 4. c5 Nd5 5. Nc3 Nxc3 6. bxc3 d6 7. cxd6 cxd6 8.
Nf3 Nc6 9. exd6 Qxd6 10. d4 g6 11. Bc4 Bg7 12. O-O O-O 13. a4 Qc7 14. Ba2 e6
15. Ng5 h6 16. Ne4 b6 17. Re1 Bb7 18. Qf3 Ne7 19. Qh3 Nf5 20. g4 Nd6 21. Bf4
Bxe4 22. Rxe4 g5 23. Be5 Bxe5 24. Rxe5 Kg7 25. Bxe6 fxe6 26. Rxe6 Nf7 27. Qh5
Qf4 28. Rae1 Ne5 29. Qxh6+ Kg8 30. Rg6+ Nxg6 31. Qxg6+ 1/2-1/2

[Event "Prva liga CS"]
[Site "www.sah-srbija.com"]
[Date "2013.09.16"]
[Round "?"]
[White "Cabrilo Goran"]
[Black "Parligras Mircea-Emilian"]
[Result "1/2-1/2"]
[WhiteElo "2388"]
[BlackElo "2560"]
[PlyCount "47"]
[EventDate "2013.??.??"]

1. e4 c5 2. Nf3 d6 3. d4 cxd4 4. Nxd4 Nf6 5. Nc3 a6 6. f4 e5 7. Nf3 Nbd7 8. Bd3
b5 9. a3 Bb7 10. O-O Be7 11. Kh1 O-O 12. Qe1 Rc8 13. fxe5 dxe5 14. Qg3 Nh5 15.
Qh3 Nhf6 16. Nh4 Re8 17. Nf5 Bf8 18. Bg5 Qb6 19. Qh4 g6 20. Nh6+ Bxh6 21. Bxh6
Re6 22. Rf3 Nh5 23. Raf1 Rf6 24. Rxf6 1/2-1/2

[Event "Prva liga centralne Srbije 2013"]
[Site "Kragujevac"]
[Date "2013.09.16"]
[Round "4.1"]
[White "Mista, Aleksander"]
[Black "Tomic, Bosko"]
[Result "1-0"]
[WhiteElo "2582"]
[BlackElo "2447"]
[PlyCount "69"]
[EventDate "2013.09.14"]

1. Nf3 Nf6 2. c4 c5 3. Nc3 g6 4. d4 cxd4 5. Nxd4 Nc6 6. g3 d6 7. Bg2 Bd7 8. O-O
Bg7 9. Nc2 O-O 10. b3 Qa5 11. Bd2 Rfc8 12. Rc1 Rab8 13. h3 a6 14. Nd5 Qd8 15.
Be3 b5 16. cxb5 Rxb5 17. Nxf6+ Bxf6 18. Na3 Ra5 19. Nc4 Rb5 20. Qd2 d5 21. Bxd5
Bxh3 22. Bxc6 Qxd2 23. Nxd2 Bxf1 24. Nxf1 Ra5 25. a4 Bb2 26. Rc4 Ba3 27. Nd2
Rb8 28. Ba7 Rb4 29. Rc2 Rf5 30. Bc5 Rxa4 31. bxa4 Bxc5 32. e3 Bb4 33. Nb3 h5
34. Rc4 a5 35. Rxb4 1-0

[Event "Prva liga centralne Srbije 2013"]
[Site "Kragujevac"]
[Date "2013.09.16"]
[Round "4.1"]
[White "Dimitrijevic, Srdjan"]
[Black "Pavlovic, Milos"]
[Result "1/2-1/2"]
[WhiteElo "2307"]
[BlackElo "2496"]
[PlyCount "72"]
[EventDate "2013.09.14"]

1. d4 Nf6 2. Nf3 e6 3. e3 b6 4. Bd3 Bb7 5. Nbd2 c5 6. O-O Nc6 7. a3 Be7 8. b3
O-O 9. Bb2 Rc8 10. Qe2 Re8 11. Ne4 Na5 12. Nxf6+ Bxf6 13. e4 d5 14. e5 Be7 15.
Nd2 Qc7 16. c3 c4 17. bxc4 Nxc4 18. Nxc4 dxc4 19. Bc2 f5 20. exf6 Bxf6 21. f4
b5 22. Rae1 a5 23. Qg4 Qf7 24. Re3 g6 25. Rfe1 Bd5 26. h4 Kh8 27. Kh2 Rf8 28.
g3 Rcd8 29. Be4 Rfe8 30. Qe2 Rf8 31. Qg4 Rb8 32. Qe2 Rb6 33. Qf3 Kg8 34. Qg4
Kh8 35. Qf3 Kg8 36. Qg4 Kh8 1/2-1/2

[Event "Prva liga centralne Srbije 2013"]
[Site "Kragujevac"]
[Date "2013.09.16"]
[Round "4.1"]
[White "Tadic, Branko"]
[Black "Jovic, Stanoje"]
[Result "1-0"]
[WhiteElo "2486"]
[BlackElo "2328"]
[PlyCount "81"]
[EventDate "2013.09.14"]

1. Nf3 Nf6 2. c4 d6 3. g3 e5 4. Bg2 c6 5. Nc3 Be7 6. O-O O-O 7. Qc2 Bg4 8. h3
Bh5 9. Nh4 Re8 10. g4 Bg6 11. d3 Nfd7 12. Nxg6 hxg6 13. b4 f5 14. Qb3 Kh7 15.
Bf3 a5 16. b5 Nc5 17. Qc2 Ne6 18. e3 Qc8 19. Bg2 Rh8 20. bxc6 bxc6 21. Rb1 Kg8
22. d4 Ng5 23. gxf5 Nxh3+ 24. Bxh3 Rxh3 25. dxe5 gxf5 26. exd6 Qe6 27. Rd1 Bxd6
28. c5 Qg6+ 29. Kf1 Qh5 30. Ke1 Rh1+ 31. Kd2 Rxd1+ 32. Nxd1 Be5 33. Bb2 Bxb2
34. Qb3+ Qf7 35. Nxb2 Na6 36. Nd3 Rd8 37. Qxf7+ Kxf7 38. Kc3 Rb8 39. Rb6 Rxb6
40. cxb6 Ke6 41. Kb3 1-0

[Event "Prva liga centralne Srbije 2013"]
[Site "Kragujevac"]
[Date "2013.09.16"]
[Round "4.1"]
[White "Zivkovic, Nemanja"]
[Black "Roganovic, Milos"]
[Result "0-1"]
[WhiteElo "2274"]
[BlackElo "2497"]
[PlyCount "46"]
[EventDate "2013.09.14"]

1. c4 Nf6 2. Nf3 g6 3. b3 Bg7 4. Bb2 O-O 5. e3 c6 6. Nc3 d5 7. cxd5 cxd5 8. d4
Bf5 9. Bd3 Nc6 10. Bxf5 gxf5 11. O-O e6 12. Qe2 Qa5 13. Rfc1 Rfc8 14. Qb5 Qxb5
15. Nxb5 Ne4 16. Kf1 Bf8 17. Ne5 a6 18. Nc3 Nxe5 19. dxe5 Nxc3 20. Bxc3 Ba3 21.
Rc2 b5 22. b4 Rc4 23. Ke2 Bxb4 0-1

[Event "Prva liga centralne Srbije 2013"]
[Site "Kragujevac"]
[Date "2013.09.16"]
[Round "4.1"]
[White "Arsovic, Goran"]
[Black "Stankovic, Ivan G"]
[Result "1/2-1/2"]
[WhiteElo "2449"]
[BlackElo "2238"]
[PlyCount "84"]
[EventDate "2013.09.14"]

1. d4 g6 2. Nf3 Bg7 3. c4 d6 4. Nc3 Nd7 5. g3 e5 6. Bg2 Ne7 7. O-O O-O 8. dxe5
Nxe5 9. Nxe5 dxe5 10. Bg5 Qxd1 11. Raxd1 Nf5 12. b3 h6 13. Bc1 c6 14. Ba3 Re8
15. Ne4 Be6 16. Rd2 a5 17. Nc5 Bf8 18. Rfd1 Bxc5 19. Bxc5 a4 20. e3 axb3 21.
axb3 Rac8 22. Bb6 f6 23. Ra1 Ra8 24. Rda2 Rxa2 25. Rxa2 Kf7 26. Ra7 Re7 27. Kf1
Rd7 28. Ke2 h5 29. Bc5 Ne7 30. Ra8 Bg4+ 31. f3 Be6 32. e4 b5 33. cxb5 cxb5 34.
b4 Bc4+ 35. Ke1 Nc6 36. Bh3 Rd3 37. Rf8+ Kg7 38. Rc8 Nd4 39. Rc7+ Kg8 40. Rc8+
Kg7 41. Rc7+ Kg8 42. Rc8+ Kg7 1/2-1/2

[Event "Prva liga centralne Srbije 2013"]
[Site "Kragujevac"]
[Date "2013.09.16"]
[Round "4.1"]
[White "Krstic, Ranko"]
[Black "Colovic, Dusan"]
[Result "1-0"]
[WhiteElo "2203"]
[BlackElo "2387"]
[PlyCount "107"]
[EventDate "2013.09.14"]

1. d4 d6 2. c4 e5 3. Nf3 e4 4. Ng5 f5 5. Nh3 Nf6 6. e3 Be7 7. Nc3 O-O 8. Be2 c6
9. O-O Na6 10. a3 Nc7 11. b4 d5 12. b5 cxb5 13. cxb5 Ne6 14. Qb3 Kh8 15. f3 Bd6
16. f4 Bb8 17. a4 h6 18. Bd2 g5 19. g3 Rg8 20. Kh1 Nf8 21. Rac1 Be6 22. a5 gxf4
23. Nxf4 Bxf4 24. exf4 h5 25. Na4 Rg7 26. Nc5 Bg8 27. a6 bxa6 28. bxa6 Rb8 29.
Nb7 Qe8 30. Bb4 h4 31. Bd6 Rc8 32. Be5 Rxc1 33. Rxc1 N8d7 34. Nd6 Qg6 35. Qe3
hxg3 36. hxg3 Rh7+ 37. Kg2 Qh6 38. Rg1 Nxe5 39. dxe5 Qh3+ 40. Kf2 Ng4+ 41. Bxg4
Qxg4 42. Nb5 Rh6 43. Nd4 Rxa6 44. Rh1+ Kg7 45. Qb3 Rb6 46. Qc3 e3+ 47. Kg2 e2
48. e6 Kg6 49. Nf3 Rxe6 50. Ne5+ Rxe5 51. Qxe5 d4 52. Qxd4 Be6 53. Kf2 a5 54.
Qe5 1-0

[Event "Prva liga centralne Srbije 2013"]
[Site "Kragujevac"]
[Date "2013.09.16"]
[Round "4.3"]
[White "Perunovic, Miodrag"]
[Black "Milanovic, Slavisa"]
[Result "0-1"]
[WhiteElo "2418"]
[BlackElo "2419"]
[PlyCount "74"]
[EventDate "2013.09.14"]

1. d4 e6 2. Nf3 Nf6 3. e3 b6 4. Bd3 Bb7 5. O-O Be7 6. c4 O-O 7. Nc3 d5 8. cxd5
exd5 9. b3 c5 10. Bb2 Nbd7 11. Rc1 Ne4 12. Qe2 Bf6 13. Na4 Rc8 14. Rfd1 cxd4
15. Rxc8 Qxc8 16. Nxd4 Ndc5 17. Nxc5 Nxc5 18. Bf5 Qb8 19. b4 Ne4 20. Bxe4 dxe4
21. Nf5 Bc8 22. Nh6+ Kh8 23. Bxf6 gxf6 24. Ng4 Kg7 25. Rd5 Re8 26. h3 Qc7 27.
f4 exf3 28. Qxf3 f5 29. Rxf5 Bxf5 30. Qxf5 Qd6 31. a3 h6 32. Qc2 h5 33. Qc3+ f6
34. Nh2 Qe5 35. Qxe5 Rxe5 36. Kf2 a5 37. Nf3 axb4 0-1

[Event "Prva liga centralne Srbije 2013"]
[Site "Kragujevac"]
[Date "2013.09.16"]
[Round "4.3"]
[White "Ivanovic, Dragutin"]
[Black "Radovanovic, Dusan"]
[Result "1/2-1/2"]
[WhiteElo "2360"]
[BlackElo "2377"]
[PlyCount "22"]
[EventDate "2013.09.14"]

1. d4 Nf6 2. c4 e6 3. Nc3 Bb4 4. Qc2 c5 5. dxc5 Na6 6. Nf3 Nxc5 7. Bd2 Bxc3 8.
Bxc3 Nce4 9. e3 Nxc3 10. Qxc3 b6 11. Be2 Bb7 1/2-1/2

[Event "Prva liga centralne Srbije 2013"]
[Site "Kragujevac"]
[Date "2013.09.16"]
[Round "4.3"]
[White "Sandic, Vladeta"]
[Black "Radivojevic, Ivan"]
[Result "1/2-1/2"]
[WhiteElo "2326"]
[BlackElo "2352"]
[PlyCount "125"]
[EventDate "2013.09.14"]

1. d4 Nf6 2. c4 e6 3. Nc3 Bb4 4. Qc2 O-O 5. a3 Bxc3+ 6. Qxc3 b6 7. Bg5 Bb7 8.
Nf3 d6 9. e3 Nbd7 10. Be2 Rc8 11. Rc1 Ne4 12. Bxd8 Nxc3 13. Rxc3 Rfxd8 14. b4
c5 15. O-O e5 16. Rd1 Kf8 17. bxc5 bxc5 18. dxc5 dxc5 19. Rcd3 Ke7 20. Ng5 Bc6
21. Bg4 Ba4 22. R1d2 Rb8 23. h4 Rb1+ 24. Kh2 Rb3 25. Rxb3 Bxb3 26. Rxd7+ Rxd7
27. Bxd7 Kxd7 28. Nxf7 Ke6 29. Ng5+ Kd6 30. Nf7+ Ke6 31. Ng5+ Kd6 32. Ne4+ Kc6
33. Nd2 Bc2 34. Kg3 Kb6 35. f4 Ka5 36. fxe5 Ka4 37. e6 Kxa3 38. e7 Bg6 39. Ne4
Be8 40. Nd6 Bd7 41. e8=Q Bxe8 42. Nxe8 Kb4 43. Nd6 a5 44. e4 a4 45. e5 a3 46.
e6 a2 47. e7 a1=Q 48. e8=Q Qc3+ 49. Kh2 Qd4 50. Qe1+ Ka4 51. Qg3 g6 52. Kh3 Kb4
53. Qe1+ Ka4 54. Qe8+ Kb3 55. Qb8+ Kc2 56. Qf8 h5 57. g3 Kb3 58. Qf3+ Kb4 59.
Qb7+ Ka4 60. Qd5 Qg1 61. Qf3 Kb4 62. Qb7+ Ka4 63. Qa8+ 1/2-1/2

[Event "Prva liga centralne Srbije 2013"]
[Site "Kragujevac"]
[Date "2013.09.16"]
[Round "4.3"]
[White "Vuckovic, Branko"]
[Black "Dragicevic, Dragan"]
[Result "1/2-1/2"]
[WhiteElo "2263"]
[BlackElo "2210"]
[PlyCount "81"]
[EventDate "2013.09.14"]

1. e4 e6 2. d4 d5 3. Nd2 Nf6 4. Bd3 Nc6 5. e5 Nd7 6. Ngf3 Nb4 7. Be2 c5 8. c3
Nc6 9. O-O cxd4 10. cxd4 f6 11. exf6 Nxf6 12. Re1 Bd6 13. Bd3 O-O 14. Nf1 Qb6
15. Ng3 Bd7 16. Be3 Qxb2 17. a4 Nb4 18. Ne5 Bxe5 19. dxe5 Qxe5 20. Bc5 Qxe1+
21. Qxe1 Nxd3 22. Qe3 Nxc5 23. Qxc5 Bc6 24. a5 a6 25. Re1 Ne4 26. Qe3 Rae8 27.
Nxe4 dxe4 28. Rd1 Rf5 29. Qc3 Ref8 30. Qe1 Rg5 31. g3 Rgf5 32. Ra1 Rd8 33. Ra3
Rfd5 34. Qe3 Rd1+ 35. Kg2 R1d3 36. Qc5 e3+ 37. f3 Rxa3 38. Qxa3 e2 39. Kf2 Bb5
40. Qe7 Re8 41. Qxb7 1/2-1/2

[Event "Prva liga centralne Srbije 2013"]
[Site "Kragujevac"]
[Date "2013.09.16"]
[Round "4.4"]
[White "Pancevski, Filip"]
[Black "Stojanovski, Dejan"]
[Result "1/2-1/2"]
[WhiteElo "2500"]
[BlackElo "2436"]
[PlyCount "54"]
[EventDate "2013.09.14"]

1. e4 c5 2. Nc3 Nc6 3. Bb5 Nd4 4. Nf3 g6 5. Bc4 Bg7 6. Nxd4 cxd4 7. Qf3 Nh6 8.
Ne2 O-O 9. c3 dxc3 10. dxc3 d6 11. h3 Kh8 12. g4 Be6 13. Bxe6 fxe6 14. Qg3 Nf7
15. f4 e5 16. h4 d5 17. h5 gxh5 18. Qh3 dxe4 19. Qxh5 h6 20. f5 Qd3 21. Rh3 Qc2
22. Be3 Kg8 23. Qg6 Rad8 24. g5 Nxg5 25. Bxg5 hxg5 26. Qh7+ Kf7 27. Qg6+ Kg8
1/2-1/2

[Event "Prva liga centralne Srbije 2013"]
[Site "Kragujevac"]
[Date "2013.09.16"]
[Round "4.4"]
[White "Djukic, Zeljko"]
[Black "Zajic, Milan"]
[Result "1/2-1/2"]
[WhiteElo "2386"]
[BlackElo "2302"]
[PlyCount "46"]
[EventDate "2013.09.14"]

1. d4 d5 2. c4 c6 3. cxd5 cxd5 4. Nc3 Nc6 5. Bf4 Nf6 6. e3 Bf5 7. Qb3 Na5 8.
Qa4+ Bd7 9. Qc2 Rc8 10. Bd3 e6 11. Qe2 Bb4 12. Rc1 Ne4 13. Qg4 Nxc3 14. bxc3
Rxc3 15. Rxc3 Bxc3+ 16. Ke2 g6 17. Qg3 Nc4 18. Nf3 Qa5 19. Rc1 Bb5 20. Bh6
Qxa2+ 21. Kf1 Kd7 22. Kg1 Bb2 23. Ne5+ Kc8 1/2-1/2

[Event "Prva liga centralne Srbije 2013"]
[Site "Kragujevac"]
[Date "2013.09.16"]
[Round "4.4"]
[White "Mladenovic, Stefan"]
[Black "Djukic, Stevan"]
[Result "1/2-1/2"]
[WhiteElo "2274"]
[BlackElo "2252"]
[PlyCount "42"]
[EventDate "2013.09.14"]

1. d4 c5 2. d5 e5 3. Nc3 d6 4. e4 a6 5. a4 Be7 6. Nf3 Bg4 7. b3 Nd7 8. h3 Bxf3
9. Qxf3 Bg5 10. Bb2 Ne7 11. h4 Bh6 12. g4 f6 13. Ne2 O-O 14. Ng3 Bf4 15. Nh5
Bh6 16. Ng3 Bf4 17. Ne2 Bh6 18. Rg1 Ng6 19. Qg3 Bf4 20. Qh3 Bh6 21. Qg3 Bf4
1/2-1/2

[Event "Prva liga centralne Srbije 2013"]
[Site "Kragujevac"]
[Date "2013.09.16"]
[Round "4.4"]
[White "Stankovic, Dejan"]
[Black "Cvetanovic, Uros"]
[Result "1/2-1/2"]
[WhiteElo "2262"]
[BlackElo "2258"]
[PlyCount "60"]
[EventDate "2013.09.14"]

1. e4 c5 2. Nf3 e6 3. b3 Nc6 4. Bb2 d6 5. Bb5 Qb6 6. Qe2 Bd7 7. O-O Nge7 8. a4
Ng6 9. g3 e5 10. Na3 Be7 11. Bxc6 Qxc6 12. d3 Bg4 13. Nc4 O-O 14. Ne3 Bh3 15.
Rfe1 f5 16. exf5 Bxf5 17. Nxf5 Rxf5 18. Nd2 Raf8 19. f3 Bg5 20. Ne4 d5 21. Nxg5
Rxg5 22. Bc1 Rgf5 23. Rf1 e4 24. dxe4 dxe4 25. f4 Ne5 26. Be3 Nf3+ 27. Kg2 Rh5
28. h3 Qh6 29. Rh1 Kh8 30. Rad1 b6 1/2-1/2

[Event "Prva liga centralne Srbije 2013"]
[Site "Kragujevac"]
[Date "2013.09.16"]
[Round "4.5"]
[White "Pantelic, Sasa"]
[Black "Musovic, Sabrija"]
[Result "1/2-1/2"]
[WhiteElo "2322"]
[BlackElo "2093"]
[PlyCount "117"]
[EventDate "2013.09.14"]

1. d4 d5 2. c4 c6 3. cxd5 cxd5 4. Nc3 Nf6 5. Bf4 Nc6 6. e3 Bf5 7. Qb3 Na5 8.
Bb5+ Bd7 9. Qa4 Nc6 10. Qd1 Qb6 11. a3 a6 12. Bd3 e6 13. Nf3 Rc8 14. O-O Nh5
15. Be5 f6 16. Ng5 Nxe5 17. dxe5 fxg5 18. Qxh5+ Kd8 19. Qxg5+ Kc7 20. Rfc1 Kb8
21. b4 h6 22. Qg3 g5 23. Qg4 Qc7 24. Qd4 Qd8 25. Ne2 h5 26. Rxc8+ Bxc8 27. Re1
Bd7 28. Qa1 g4 29. Qd4 Rg8 30. Nf4 Rg5 31. b5 axb5 32. Bxb5 Bxb5 33. Nxe6 Qe7
34. Nxg5 Qxg5 35. Qb6 Bc4 36. Rb1 Qe7 37. a4 h4 38. a5 Qc7 39. Qf6 Be7 40. Qg6
g3 41. hxg3 hxg3 42. Qxg3 Qxa5 43. f4 Qa2 44. Rd1 Qc2 45. Re1 Qh7 46. e6 Bh4
47. Qh3 Qe7 48. Ra1 Bd3 49. Rd1 Be4 50. Qg4 Qh7 51. f5 Bf6 52. Qg3+ Qc7 53. Qg6
Qe7 54. Rf1 b5 55. Qg8+ Kb7 56. Rc1 Qd8 57. Qh7+ Qe7 58. Qg8 Qd8 59. Qh7+
1/2-1/2

[Event "Prva liga centralne Srbije 2013"]
[Site "Kragujevac"]
[Date "2013.09.16"]
[Round "4.5"]
[White "Radibratovic, Predrag"]
[Black "Ivanov, Mikhail M"]
[Result "1/2-1/2"]
[WhiteElo "2362"]
[BlackElo "2398"]
[PlyCount "42"]
[EventDate "2013.09.14"]

1. d4 Nf6 2. Nf3 d5 3. Bf4 Bf5 4. e3 e6 5. Bd3 Ne4 6. O-O Nd7 7. c4 dxc4 8.
Bxc4 Bd6 9. Bxd6 cxd6 10. Nbd2 O-O 11. Qb3 d5 12. Be2 Qb6 13. Nxe4 Bxe4 14. Nd2
Bg6 15. Rfc1 Rfc8 16. Qxb6 Nxb6 17. b3 Bc2 18. Kf1 Rc3 19. Nb1 Rc6 20. Na3 Rac8
21. Ke1 Bg6 1/2-1/2

[Event "Prva liga centralne Srbije 2013"]
[Site "Kragujevac"]
[Date "2013.09.16"]
[Round "4.5"]
[White "Jesic, Dusan"]
[Black "Mrsevic, Miroslav"]
[Result "1-0"]
[WhiteElo "2357"]
[BlackElo "2286"]
[PlyCount "85"]
[EventDate "2013.09.14"]

1. d4 d6 2. c4 e5 3. Nf3 e4 4. Ng5 f5 5. Nc3 Be7 6. Nh3 c5 7. Nd5 Nc6 8. Nxe7
Ngxe7 9. dxc5 Qa5+ 10. Bd2 Qxc5 11. e3 O-O 12. Nf4 g5 13. Nd5 Nxd5 14. cxd5 Ne5
15. Qh5 g4 16. h3 g3 17. Qg5+ Kh8 18. Qxg3 Bd7 19. Rc1 Qb6 20. Bc3 Rae8 21. Be2
Bb5 22. Bd4 Qa5+ 23. Bc3 Qa6 24. Bxb5 Qxb5 25. f4 exf3 26. gxf3 Rg8 27. Qf2 Rg7
28. Qe2 Qxd5 29. Rd1 Qc6 30. Kf2 f4 31. exf4 Ng4+ 32. hxg4 Rxe2+ 33. Kxe2 Kg8
34. Bxg7 Kxg7 35. Kf2 h5 36. gxh5 Kh7 37. Kg3 Qd7 38. Rd5 Qg7+ 39. Rg5 Qxb2 40.
h6 Qxa2 41. Rg7+ Kh8 42. Re1 Qa4 43. Ree7 1-0

[Event "Prva liga centralne Srbije 2013"]
[Site "Kragujevac"]
[Date "2013.09.16"]
[Round "4.5"]
[White "Kahrovic, Mersid"]
[Black "Radovanovic, Jovica"]
[Result "0-1"]
[WhiteElo "2298"]
[BlackElo "2335"]
[PlyCount "94"]
[EventDate "2013.09.14"]

1. e4 c5 2. Nf3 Nc6 3. g3 g6 4. Bg2 Bg7 5. O-O d6 6. h3 Nf6 7. Re1 O-O 8. d3
Rb8 9. Nbd2 b5 10. Nf1 b4 11. Be3 Nd7 12. Qc1 Nd4 13. Nxd4 cxd4 14. Bh6 Ba6 15.
Bxg7 Kxg7 16. Nd2 Rc8 17. Qd1 Bb5 18. Nf3 e5 19. Qd2 a5 20. Rec1 Nc5 21. b3 Bd7
22. h4 h6 23. Qe1 Be6 24. Kh2 Qd7 25. Nd2 Rb8 26. Qf1 f5 27. exf5 Rxf5 28. Qe2
Rbf8 29. Rf1 Qf7 30. Kg1 g5 31. hxg5 hxg5 32. Bh3 Rf6 33. Bxe6 Qxe6 34. Kg2 g4
35. a3 R8f7 36. axb4 axb4 37. Ne4 Nxe4 38. dxe4 Rf3 39. Qd2 Qg6 40. Ra8 R3f6
41. Kg1 Qh5 42. f4 gxf3 43. Kf2 Rg6 44. Qd3 Qh3 45. Ke1 Qxg3+ 46. Kd2 Qf4+ 47.
Kd1 Rg2 0-1

[Event "Prva liga centralne Srbije 2013"]
[Site "Kragujevac"]
[Date "2013.09.16"]
[Round "4.5"]
[White "Misojcic, Miroslav"]
[Black "Dumic, Marko"]
[Result "1-0"]
[WhiteElo "2253"]
[BlackElo "2266"]
[PlyCount "52"]
[EventDate "2013.09.14"]

1. d4 e6 2. c4 f5 3. Nf3 Nf6 4. g3 d5 5. Bg2 c6 6. O-O Bd6 7. Qc2 O-O 8. Bf4
Qc7 9. e3 Qe7 10. Nc3 dxc4 11. Bxd6 Qxd6 12. Ne5 Nbd7 13. Nxc4 Qe7 14. Rfd1 Nb6
15. Nxb6 axb6 16. Qb3 b5 17. a4 bxa4 18. Nxa4 Ra5 19. Nc5 Rb5 20. Qc2 Nd5 21.
Ra4 e5 22. Bf1 Rb6 23. dxe5 Qxe5 24. Rad4 Kh8 25. Na4 Rb4 26. Qc5 Qe7 1-0

[Event "Prva liga centralne Srbije 2013"]
[Site "Kragujevac"]
[Date "2013.09.16"]
[Round "4.5"]
[White "Kijanovic, Igor"]
[Black "Urosevic, Zoran"]
[Result "0-1"]
[WhiteElo "2004"]
[BlackElo "2244"]
[PlyCount "102"]
[EventDate "2013.09.14"]

1. Nf3 Nf6 2. c4 g6 3. Nc3 Bg7 4. g3 O-O 5. Bg2 d6 6. O-O Nc6 7. d4 a6 8. Re1
Rb8 9. d5 Na5 10. Qa4 c5 11. dxc6 Nxc6 12. Nd5 b5 13. Nxf6+ Bxf6 14. cxb5 axb5
15. Qc2 Bd7 16. Bh6 Re8 17. Rad1 Qa5 18. Qb1 b4 19. Nd2 Ne5 20. Ne4 Bh8 21. h3
Nc4 22. Ng5 Nxb2 23. Rd2 Na4 24. Qb3 Rf8 25. Bxf8 Rxf8 26. Rd5 Qb6 27. Rdd1 Nc3
28. Rc1 h6 29. Ne4 Be6 30. Qc2 Nxa2 31. Qc7 Qxc7 32. Rxc7 Re8 33. Rb7 Kf8 34.
Nd2 Rc8 35. Be4 Bc3 36. Rd1 Bf6 37. Bd3 Bd5 38. Rb6 Bd4 39. Ra6 b3 40. Ra4 Bf6
41. Ra5 Be6 42. Ne4 Be5 43. Bb1 f5 44. Nd2 Nc3 45. Re1 Nxb1 46. Nxb1 b2 47. f4
Rc1 48. Kf2 Bf6 49. e3 Bb3 50. Ke2 Bc2 51. Nd2 Rxe1+ 0-1

[Event "Prva liga centralne Srbije 2013"]
[Site "Kragujevac"]
[Date "2013.09.16"]
[Round "4.6"]
[White "Petkov, Vladimir"]
[Black "Galkin, Alexander"]
[Result "1/2-1/2"]
[WhiteElo "2564"]
[BlackElo "2626"]
[PlyCount "38"]
[EventDate "2013.09.14"]

1. d4 d5 2. c4 e6 3. Nf3 Nf6 4. g3 dxc4 5. Bg2 c5 6. Na3 cxd4 7. Nxc4 Bc5 8.
O-O O-O 9. a3 a5 10. Bf4 Nd5 11. Bxb8 Rxb8 12. Nxd4 Nb6 13. Nxb6 Qxb6 14. Nb3
Be7 15. Rc1 a4 16. Nd2 Qxb2 17. Nc4 Qb3 18. Qxb3 axb3 19. Rb1 Bd7 1/2-1/2

[Event "Prva liga centralne Srbije 2013"]
[Site "Kragujevac"]
[Date "2013.09.16"]
[Round "4.6"]
[White "Paunovic, Tomislav"]
[Black "Zivkovic, Sava"]
[Result "1/2-1/2"]
[WhiteElo "2327"]
[BlackElo "2353"]
[PlyCount "83"]
[EventDate "2013.09.14"]

1. g3 Nf6 2. Bg2 g6 3. f4 d5 4. Nf3 Bg7 5. O-O c6 6. d3 Qb6+ 7. e3 O-O 8. Nc3
Nbd7 9. Kh1 Ng4 10. Qe2 e5 11. e4 exf4 12. gxf4 dxe4 13. dxe4 Re8 14. h3 Ngf6
15. Kh2 Nc5 16. e5 Nh5 17. Be3 Qxb2 18. Qc4 b6 19. Bxc5 bxc5 20. Ng5 Be6 21.
Nxe6 Rxe6 22. Ne2 Rd8 23. Rad1 Qb6 24. Rxd8+ Qxd8 25. Qxc5 g5 26. Nd4 Nxf4 27.
Nxe6 Nxe6 28. Qxa7 Bxe5+ 29. Kh1 Nf4 30. Bxc6 Qd2 31. Qf2 Qc3 32. Bg2 Bd4 33.
Qf3 Qxc2 34. Qg4 Qg6 35. Rxf4 gxf4 36. Be4 Qxg4 37. hxg4 Kg7 38. Kg2 h6 39. Kf3
Be3 40. a4 Kf6 41. a5 Ke5 42. a6 1/2-1/2

[Event "Prva liga centralne Srbije 2013"]
[Site "Kragujevac"]
[Date "2013.09.16"]
[Round "4.6"]
[White "Begus, Drasko"]
[Black "Todorovic, Bojan"]
[Result "0-1"]
[WhiteElo "2345"]
[BlackElo "2338"]
[PlyCount "84"]
[EventDate "2013.09.14"]

1. d4 Nf6 2. g3 d5 3. Bg2 c6 4. Nf3 Bf5 5. O-O e6 6. b3 Nbd7 7. Bb2 Bd6 8. c4
O-O 9. Nc3 h6 10. Nd2 e5 11. cxd5 exd4 12. Nce4 Bxe4 13. Nxe4 Nxe4 14. dxc6
Ndf6 15. cxb7 Rb8 16. Qxd4 Bc5 17. Qc4 Qe7 18. Rac1 Bb6 19. Bxf6 Nxf6 20. b4
Ne8 21. a4 Nd6 22. Qa6 Nxb7 23. a5 Bd4 24. e3 Bb2 25. Rc2 Qxb4 26. Rb1 Nc5 27.
Qxa7 Na4 28. a6 Qb3 29. Rc6 Qd3 30. Rf1 Be5 31. Rfc1 Nc3 32. Bf1 Qd2 33. R1xc3
Bxc3 34. Qc5 Rb2 35. Qf5 g6 36. Qf3 Qe1 37. a7 Rb1 38. Qg2 Ra8 39. Rc7 Kg7 40.
h4 h5 41. g4 hxg4 42. h5 g3 0-1

[Event "Prva liga centralne Srbije 2013"]
[Site "Kragujevac"]
[Date "2013.09.16"]
[Round "4.6"]
[White "Nenadovic, Ljubisa"]
[Black "Nikolic, Boban"]
[Result "1/2-1/2"]
[WhiteElo "2189"]
[BlackElo "2255"]
[PlyCount "121"]
[EventDate "2013.09.14"]

1. d4 e6 2. c4 b6 3. Nf3 Bb7 4. g3 c5 5. d5 exd5 6. cxd5 Nf6 7. Nc3 g6 8. Bg5
Bg7 9. Bg2 O-O 10. Qd2 a6 11. a4 d6 12. h4 Re8 13. h5 Nbd7 14. hxg6 hxg6 15.
Qf4 Qe7 16. Nd2 Bxd5 17. Bxd5 Nxd5 18. Bxe7 Nxf4 19. gxf4 Bxc3 20. bxc3 Rxe7
21. e3 d5 22. Nf3 Kg7 23. O-O Nf6 24. Rfd1 Rb7 25. Ne5 Rd8 26. c4 d4 27. Rab1
Ne4 28. Rb3 f6 29. Nf3 Nc3 30. Rd2 Nxa4 31. exd4 cxd4 32. Rxd4 Rxd4 33. Nxd4
Kf7 34. f5 gxf5 35. Nxf5 Ke6 36. Rf3 Rd7 37. Ne3 Nc3 38. Kg2 Rd4 39. Rh3 a5 40.
Rh8 a4 41. Ra8 Rd6 42. Ra7 Rc6 43. Kf1 Kd6 44. Ke1 Kc5 45. Kd2 Kb4 46. Kd3 Kb3
47. Nc2 Rd6+ 48. Nd4+ Kb2 49. Rb7 a3 50. c5 Rxd4+ 51. Kxd4 Nb5+ 52. Kc4 a2 53.
Kxb5 a1=Q 54. cxb6 Qf1+ 55. Kc6 Qg2+ 56. Kc7 Qxf2 57. Rb8 Qf4+ 58. Kb7 Qe4+ 59.
Kc7 Qe5+ 60. Kc8 Qe6+ 61. Kc7 1/2-1/2